LIBRARY & INFORMATION CENTRE, KCAET, TAVANUR

ONLINE PUBLIC ACCESS CATALOGUE (OPAC)

Legacy of Islam / (Record no. 2275)

MARC details
000 -LEADER
fixed length control field 00470cam a2200193ua 4500
041 ## - LANGUAGE CODE
Language code of text/sound track or separate title eng
082 ## - DEWEY DECIMAL CLASSIFICATION NUMBER
Classification number 297
Item number ARIX/ LE
100 ## - MAIN ENTRY--AUTHOR NAME
Personal name Arnold, Thomas .
245 ## - TITLE STATEMENT
Title Legacy of Islam /
250 ## - EDITION STATEMENT
Edition statement 1 /
260 ## - PUBLICATION, DISTRIBUTION, ETC. (IMPRINT)
Place of publication Calcutta :
Name of publisher Oxford University Press ,
Year of publication 1960.
300 ## - PHYSICAL DESCRIPTION
Number of Pages 416 ; .
700 1# - ADDED ENTRY--PERSONAL NAME
Personal name Guillaume, Alfred .
942 ## - ADDED ENTRY ELEMENTS (KOHA)
Koha item type Books
Holdings
Withdrawn status Lost status Damaged status Home library Current library Date acquired Full call number Accession Number Koha item type
      KAUAET KAUAET 07/04/2012 297 4571 Books
free website counter